000 00552nam a22002057a 4500
003 MPLRDC
005 20220104201558.0
008 210129b ||||| |||| 00| 0 eng d
020 _a978-7-5410-4617-9
082 _a523.1 TYWH v.5
100 _a童婴文化 编
245 _a左脑右脑 6~7岁
_c
250 _a初版一刷
260 _a中国
_b四川出版集团, 四川美术出版社
_c2011
300 _b
490 _a儿童智能开发全书
520 _a上架 2017-06-02。
650 _a儿童学
942 _cBK
_o523.1 TYWH v.5
999 _c67233
_d67223